Záhradné jazierka

Bibliographic Details
Main Author: Beck, Peter (Author)
Other Authors: Spillerová, Magda (Translator), Spiller, Květoslav (Translator)
Format: Book
Language:Slovak
German
PhysicalDescription:95 s. fareb. fotogr. 21 cm
Published: Bratislava Ikar 2008
ISBN:9788055116846
Edition:[1. vyd.]
Series:Rady profesionálov
Subjects:

MARC

LEADER 00000nam a2200000 a 4500
001 vtls009299110
003 SK-MaSNL
005 20260301210744.0
008 240318s2008 xo o g 001 0 slo
015 |a SNBA2008/07-03809 
020 |a 9788055116846  |q (brož.) 
035 |a 27401B2B-52ED-400F-A6BD-7BDBF99D9D50 
035 |a urn:nbn:sk:snk-aml2zf 
035 |a urn:nbn:sk:snk-am008lfo 
040 |a SNK  |b slo  |c SNK  |e AACR2 
041 1 |a slo  |h ger 
044 |a xo  |c SK 
072 7 |a 635  |x Záhradkárstvo  |2 konspekt 
080 |a 712.5(285.3)  |2 2001 
080 |a 712.5(282)  |2 2001 
080 |a 635.926  |2 2001 
080 |a (035)  |2 2001 
100 1 |a Beck, Peter  |4 aut  |9 538781 
240 1 0 |a Gartenteiche  |l Slovensky 
245 1 0 |a Záhradné jazierka  |c Peter Beck ; [z nemeckého originálu preložili Magda Spillerová a Květoslav Spiller] 
250 |a [1. vyd.] 
260 |a Bratislava  |b Ikar  |c 2008 
300 |a 95 s.  |b fareb. fotogr.  |c 21 cm 
490 1 |a Rady profesionálov 
504 |a Reg. 
650 0 7 |a záhradné jazierka  |2 SNKPH  |9 67820 
650 0 7 |a Garden ponds  |2 SNKPHeng  |9 482005 
650 0 7 |a záhradné potôčiky  |2 SNKPH  |9 134432 
650 0 7 |a vodné záhradné rastliny  |2 SNKPH  |9 67819 
650 0 7 |a Garden streams  |2 SNKPHeng  |9 482006 
650 0 7 |a Water garden plants  |2 SNKPHeng  |9 594684 
655 7 |a príručky  |2 SNKPH  |9 74364 
655 7 |a Handbooks, manuals, etc.  |2 SNKPHeng  |9 90964 
700 1 |a Spillerová, Magda  |4 trl  |9 296385 
700 1 |a Spiller, Květoslav  |4 trl 
830 0 |a Rady profesionálov  |9 317452 
919 |a 978-80-551-1684-6 
958 |a OP 
958 |a OND 
968 |b DT  |d 71/72 
999 |c 914713  |d 916643 
952 |a SNK  |b SNK  |y PREZ  |7 0  |p 17A0589760  |o snkSC 132143  |i snk2008/11615  |8 0  |0 0  |1 0  |4 0  |d 2008-05-30  |f 1  |l 0  |r 2025-06-23 00:00:00  |w 2026-02-24 
952 |a SNK  |b SNK  |y VYP  |7 0  |p 17A0589759  |o snkSC 132143 D1  |i snk2008/11616  |8 0  |0 0  |1 0  |4 0  |d 2008-05-30  |l 0  |r 2026-02-24 07:56:02  |w 2026-02-24